Les grands textes de la psychologie moderne: recueil méthodique á l'usage des candidats baccalauréat, premieré supérieure, enseignement supérieur
שמור ב:
| מחבר ראשי: | |
|---|---|
| פורמט: | ספר |
| שפה: | צרפתית |
| יצא לאור: |
París
Bordas
1969
|
| סדרה: | Collection Georges Pascal
|
| נושאים: | |
| תגים: |
הוספת תג
אין תגיות, היה/י הראשונ/ה לתייג את הרשומה!
|
MARC
| LEADER | 00000nam a2200000 a 4500 | ||
|---|---|---|---|
| 001 | UCZ4324 | ||
| 003 | CL-VaPUC | ||
| 008 | 951106e19690000FR |||||||||||||||||fre|d | ||
| 082 | 0 | 4 | |a 150 |b MIL |2 21 |
| 100 | |a Millet, Louis |e autor |9 348297 | ||
| 245 | 1 | 4 | |a Les grands textes de la psychologie moderne: recueil méthodique á l'usage des candidats baccalauréat, premieré supérieure, enseignement supérieur |
| 300 | |a 286 p | ||
| 942 | |c BK | ||
| 945 | |d 19951106 00:00:00 |a lriquelm | ||
| 260 | |a París |b Bordas |c 1969 | ||
| 650 | 0 | |a Psicología |9 257863 | |
| 650 | 7 | |a ESCUELAS DE PSICOLOGIA |2 CL-VaPUC |9 334607 | |
| 650 | 7 | |a COMPORTAMIENTO ANIMAL |2 CL-VaPUC |9 334602 | |
| 650 | 7 | |a CIENCIAS DEL COMPORTAMIENTO |2 CL-VaPUC |9 348298 | |
| 650 | 0 | |a Procesos mentales superiores |9 330839 | |
| 650 | 7 | |a HOMBRE |2 CL-VaPUC |9 262149 | |
| 650 | 0 | |a Filosofía del espíritu |9 320175 | |
| 583 | |a last modification |c 19951106 00:00:00 |k Rodrigo Vera | ||
| 490 | 0 | |a Collection Georges Pascal | |
| 999 | |c 240737 |d 240735 | ||
| 952 | |0 0 |1 0 |4 0 |6 150_000000000000000_MIL_1969 |7 0 |8 P |9 252752 |a BIBEDU |b BIBEDU |c BIBEDU_PB |d 2019-11-18 |i 1595512 |o 150 MIL 1969 |p 1595512 |r 2024-01-25 |w 2019-11-18 |y BK |k FIL | ||